[Event "SVK-chT2B 2223"]
[Site "Slovakia"]
[Date "2023.03.26"]
[Round "11.2"]
[White "Voros, Gellert"]
[Black "Fabik, Tomas"]
[Result "1-0"]
[WhiteElo "2146"]
[BlackElo "1908"]
[PlyCount "79"]
[EventDate "2022.10.08"]
[EventType "team-tourn"]
[EventRounds "11"]
[EventCountry "SVK"]
[SourceTitle "EXT 2024"]
[Source "ChessBase"]
[SourceDate "2023.10.10"]
[SourceVersion "1"]
[SourceVersionDate "2023.10.10"]
[SourceQuality "1"]
[WhiteTeam "Komarno II"]
[BlackTeam "Topolcany II"]
[WhiteTeamCountry "SVK"]
[BlackTeamCountry "SVK"]

1. d4 Nf6 2. c4 g6 3. g3 Bg7 4. Bg2 0-0 5. Nf3 d6 6. 0-0 Nbd7 7. Nc3 c6 8. h3 a6 9. a4 Rb8 10. e4 e5 11. Be3 Ne8 12. dxe5 dxe5 13. Bc5 Qc7 14. Bxf8 Nxf8 15. Qe2 Ne6 16. Na2 Nd4 17. Nxd4 exd4 18. Nb4 a5 19. Nd3 Be6 20. b3 Rd8 21. Rad1 Qc8 22. Kh2 h5 23. f4 f5 24. Nc5 fxe4 25. Nxe6 Qxe6 26. Qxe4 Qf6 27. c5 Nc7 28. f5 g5 29. Qe2 Qf7 30. Rd3 Nd5 31. Bxd5 Rxd5 32. f6 Bf8 33. Rdf3 Bxc5 34. Rf5 h4 35. Qg4 hxg3+ 36. Kg2 b6 37. Qxg5+ Kf8 38. Rxd5 cxd5 39. Qh6+ Kg8 40. Rf5 1-0

[Event "SVK-chT2B 2223"]
[Site "Slovakia"]
[Date "2023.02.12"]
[Round "9.2"]
[White "Chlpik, Martin"]
[Black "Voros, Gellert"]
[Result "1-0"]
[WhiteElo "2209"]
[BlackElo "2146"]
[PlyCount "35"]
[EventDate "2022.10.08"]
[EventType "team-tourn"]
[EventRounds "11"]
[EventCountry "SVK"]
[SourceTitle "EXT 2024"]
[Source "ChessBase"]
[SourceDate "2023.10.10"]
[SourceVersion "1"]
[SourceVersionDate "2023.10.10"]
[SourceQuality "1"]
[WhiteTeam "Levice II"]
[BlackTeam "Komarno II"]
[WhiteTeamCountry "SVK"]
[BlackTeamCountry "SVK"]

1. d4 d5 2. Nc3 Nf6 3. Bf4 e6 4. e3 Bb4 5. Nge2 0-0 6. a3 Be7 7. h4 c5 8. Qd2 Bd7 9. h5 b5 10. dxc5 Bxc5 11. h6 g6 12. Bg5 Be7 13. Nd4 a6 14. 0-0-0 Nc6 15. e4 dxe4 16. Qe1 Nd5 17. Bxe7 Qxe7 18. Nxd5 1-0

[Event "SVK-chT1W 2122"]
[Site "Slovakia"]
[Date "2022.04.24"]
[Round "9.7"]
[White "Paluska, Karol"]
[Black "Voros, Gellert"]
[Result "1-0"]
[WhiteElo "2006"]
[BlackElo "2158"]
[PlyCount "111"]
[EventDate "2021.11.06"]
[EventType "team-tourn"]
[EventRounds "11"]
[EventCountry "SVK"]
[SourceTitle "EXT 2023"]
[Source "ChessBase"]
[SourceDate "2022.10.05"]
[SourceVersion "1"]
[SourceVersionDate "2022.10.05"]
[SourceQuality "1"]
[WhiteTeam "Bratislava Doprastav"]
[BlackTeam "Komarno"]
[WhiteTeamCountry "SVK"]
[BlackTeamCountry "SVK"]

1. Nf3 d5 2. d4 Nf6 3. c4 c6 4. Nc3 e6 5. Bg5 dxc4 6. e3 b5 7. Be2 Be7 8. a4 Qb6 9. Bxf6 Bxf6 10. Ne4 Nd7 11. Nd6+ Ke7 12. Ne4 Rd8 13. g4 Kf8 14. Qc2 Be7 15. h4 Bb4+ 16. Kf1 Bb7 17. Nfg5 h6 18. a5 Qc7 19. Nh7+ Ke7 20. a6 Bc8 21. g5 Rh8 22. Ng3 g6 23. h5 Rxh7 24. hxg6 fxg6 25. Qxg6 Nf8 26. Qf6+ Kd7 27. Rxh6 Qd8 28. Ne4 Be7 29. Rxh7 Nxh7 30. Qf7 Nf8 31. g6 Nxg6 32. Qxg6 Kc7 33. Bf3 Bd7 34. Qg3+ Kb6 35. Ke2 Qg8 36. Qe5 Qh8 37. Nc5 Bxc5 38. Qxc5+ Kc7 39. Rh1 Qf8 40. Qe5+ Qd6 41. Rh7 Qxe5 42. dxe5 Rg8 43. Be4 Rd8 44. f4 Kb6 45. Bc2 Kxa6 46. e4 Kb6 47. f5 a5 48. f6 Kc5 49. Re7 Bc8 50. f7 Rf8 51. Kd2 a4 52. Bd1 Kd4 53. Bh5 b4 54. Re8 a3 55. bxa3 bxa3 56. Rxf8 1-0

[Event "SVK-chT2B 2122"]
[Site "Slovakia"]
[Date "2022.03.26"]
[Round "8.2"]
[White "Vadila, Ondrej"]
[Black "Voros, Gellert"]
[Result "1/2-1/2"]
[WhiteElo "2100"]
[BlackElo "2158"]
[PlyCount "107"]
[EventDate "2021.10.16"]
[EventType "team-tourn"]
[EventRounds "11"]
[EventCountry "SVK"]
[SourceTitle "EXT 2023"]
[Source "ChessBase"]
[SourceDate "2022.10.05"]
[SourceVersion "1"]
[SourceVersionDate "2022.10.05"]
[SourceQuality "1"]
[WhiteTeam "Levice II"]
[BlackTeam "Komarno II"]
[WhiteTeamCountry "SVK"]
[BlackTeamCountry "SVK"]

1. d4 d5 2. Bf4 c5 3. e3 Nc6 4. Nc3 a6 5. Nf3 Bg4 6. Be2 e6 7. 0-0 Nf6 8. Ne5 Bxe2 9. Nxe2 Nxe5 10. Bxe5 Bd6 11. Ng3 h5 12. Bxd6 Qxd6 13. Re1 h4 14. Nf1 0-0-0 15. Rc1 Kb8 16. c4 dxc4 17. Rxc4 h3 18. Rxc5 Ne4 19. Re5 hxg2 20. Kxg2 f5 21. Qf3 g5 22. Ng3 Nd2 23. Qe2 Qc6+ 24. d5 Rxd5 25. Rxd5 Qxd5+ 26. e4 Nxe4 27. Nxe4 Rh4 28. f3 fxe4 29. fxe4 Qe5 30. Kg1 Rf4 31. b3 g4 32. Qg2 Qd4+ 33. Kh1 e5 34. Qe2 Qc3 35. Rd1 g3 36. Rd3 Qc1+ 37. Rd1 Qc3 38. Rd3 Qc1+ 39. Rd1 Qc7 40. hxg3 Qh7+ 41. Kg2 Rf8 42. Rh1 Qg6 43. Rh5 Rg8 44. Qf3 Qd6 45. Qf5 Ka8 46. Qf7 Rf8 47. Qd5 Qc7 48. Qc4 Qa5 49. b4 Qa3 50. Rf5 Qb2+ 51. Kg1 Rh8 52. Rf2 Qb1+ 53. Rf1 Qb2 54. Rf2 1/2-1/2

[Event "SVK-chT2B 1819"]
[Site "Slovakia"]
[Date "2018.11.17"]
[Round "3.6"]
[White "Batora, Matej"]
[Black "Voros, Gellert"]
[Result "0-1"]
[WhiteElo "1951"]
[BlackElo "2131"]
[PlyCount "62"]
[EventDate "2018.10.13"]
[EventType "team-tourn"]
[EventRounds "11"]
[EventCountry "SVK"]
[SourceTitle "CBM 187 Extra"]
[Source "ChessBase"]
[SourceDate "2018.11.04"]
[SourceVersion "1"]
[SourceVersionDate "2018.11.04"]
[SourceQuality "1"]
[WhiteTeam "Tlmace"]
[BlackTeam "Komarno II"]
[WhiteTeamCountry "SVK"]
[BlackTeamCountry "SVK"]

1. e4 e5 2. Nf3 Nc6 3. Bc4 Bc5 4. c3 Nf6 5. d3 a6 6. 0-0 d6 7. b4 Ba7 8. Be3 Bxe3 9. fxe3 0-0 10. Nbd2 d5 11. exd5 Nxd5 12. Bxd5 Qxd5 13. d4 exd4 14. exd4 Bg4 15. a3 Rfe8 16. Re1 h6 17. Qc2 a5 18. Qd3 Bf5 19. Qf1 Bg6 20. b5 Ne7 21. Re5 Qd7 22. Qc4 Nf5 23. Rae1 Nd6 24. Qb3 a4 25. Qd5 Bc2 26. b6 Rxe5 27. Nxe5 Qb5 28. Qxb5 Nxb5 29. Rc1 Bb3 30. Ndc4 cxb6 31. Nxb6 Ra6 0-1

[Event "SVK-chT1W 1718"]
[Site "Slovakia"]
[Date "2017.12.03"]
[Round "6.6"]
[White "Voros, Gellert"]
[Black "Hlavina, Lubomir"]
[Result "0-1"]
[WhiteElo "2136"]
[BlackElo "2005"]
[PlyCount "52"]
[EventDate "2017.10.21"]
[EventType "team-tourn"]
[EventRounds "11"]
[EventCountry "SVK"]
[SourceTitle "EXT 2019"]
[Source "ChessBase"]
[SourceDate "2018.10.10"]
[SourceVersion "1"]
[SourceVersionDate "2018.10.10"]
[SourceQuality "1"]
[WhiteTeam "Komarno KSC"]
[BlackTeam "Nitra ASK"]
[WhiteTeamCountry "SVK"]
[BlackTeamCountry "SVK"]

1. e4 e5 2. Nc3 Nf6 3. Bc4 Nc6 4. d3 Na5 5. Nge2 Nxc4 6. dxc4 d6 7. f4 exf4 8. Nxf4 Be7 9. 0-0 Be6 10. b3 Qd7 11. Qd4 Ng4 12. Ncd5 Bf6 13. Nxf6+ Nxf6 14. Nd5 Bxd5 15. exd5 Qg4 16. Rf4 Qg6 17. Qe3+ Kd7 18. Qh3+ Ke7 19. Bb2 Rhe8 20. Bxf6+ gxf6 21. Rg4 Qf5 22. Rf1 Qe5 23. Rg7 Rg8 24. Rxh7 Rg5 25. Qh4 Rag8 26. Re1 Rxg2+ 0-1

[Event "SVK-chT2B 1718"]
[Site "Slovakia"]
[Date "2017.11.25"]
[Round "3.4"]
[White "Sunal, Jan"]
[Black "Voros, Gellert"]
[Result "0-1"]
[WhiteElo "1740"]
[BlackElo "2136"]
[PlyCount "88"]
[EventDate "2017.10.28"]
[EventType "team-tourn"]
[EventRounds "11"]
[EventCountry "SVK"]
[SourceTitle "CBM 181 Extra"]
[Source "ChessBase"]
[SourceDate "2017.12.12"]
[SourceVersion "1"]
[SourceVersionDate "2017.12.12"]
[SourceQuality "1"]
[WhiteTeam "Lehota pod Vtacnikom"]
[BlackTeam "Komarno II"]
[WhiteTeamCountry "SVK"]
[BlackTeamCountry "SVK"]

1. e4 e5 2. Nf3 Nc6 3. d4 exd4 4. Nxd4 Nf6 5. Nxc6 bxc6 6. Bd3 d5 7. exd5 cxd5 8. 0-0 Be7 9. b3 0-0 10. Bb2 Bg4 11. Be2 Bf5 12. Nd2 c5 13. Bf3 Rb8 14. Be5 Rb6 15. c4 d4 16. Bxf6 Bxf6 17. Ne4 Be5 18. Qd2 Bxh2+ 19. Kxh2 Qh4+ 20. Kg1 Rh6 21. Qxh6 Qxh6 22. Nxc5 Qb6 23. Ne4 d3 24. Rfd1 Qd4 25. Ng3 Bg6 26. Nf1 h5 27. Rac1 Rc8 28. Ne3 a5 29. Nd5 Kf8 30. Rd2 a4 31. Nb4 axb3 32. axb3 Rb8 33. Nc6 Qf4 34. Rcd1 Rxb3 35. Ra2 Kg8 36. Na5 Rc3 37. Raa1 h4 38. Bd5 Rc2 39. Nc6 Qxf2+ 40. Kh1 h3 41. Ne7+ Kh7 42. Rg1 hxg2+ 43. Rxg2 Qh4+ 44. Kg1 Qd4+ 0-1

[Event "SVK-chT1W 1718"]
[Site "Slovakia"]
[Date "2017.11.04"]
[Round "3.6"]
[White "Lukacovic, Miroslav"]
[Black "Voros, Gellert"]
[Result "0-1"]
[WhiteElo "1897"]
[BlackElo "2136"]
[PlyCount "104"]
[EventDate "2017.10.21"]
[EventType "team-tourn"]
[EventRounds "11"]
[EventCountry "SVK"]
[SourceTitle "CBM 181 Extra"]
[Source "ChessBase"]
[SourceDate "2017.12.12"]
[SourceVersion "1"]
[SourceVersionDate "2017.12.12"]
[SourceQuality "1"]
[WhiteTeam "Trnava Sered"]
[BlackTeam "Komarno KSC"]
[WhiteTeamCountry "SVK"]
[BlackTeamCountry "SVK"]

1. d4 d5 2. Nf3 Nf6 3. Bf4 c5 4. c3 Nc6 5. e3 Qb6 6. Qb3 c4 7. Qc2 Bf5 8. Qc1 Nh5 9. Nbd2 Nxf4 10. exf4 e6 11. g3 Rc8 12. Bg2 Bd3 13. Bf1 Bxf1 14. Nxf1 Be7 15. Ne3 0-0 16. 0-0 Qc7 17. Re1 b5 18. a3 Na5 19. Qc2 Nb3 20. Rad1 a5 21. Nd2 Nxd2 22. Qxd2 b4 23. axb4 axb4 24. f5 Ra8 25. Ra1 b3 26. Rxa8 Rxa8 27. Qe2 Qd7 28. Nd1 Ra1 29. fxe6 fxe6 30. Ne3 Ra2 31. Rb1 Ba3 32. Nd1 h6 33. h4 Qf7 34. Qe3 Qf5 35. Qc1 Bd6 36. Ne3 Qf3 37. Qd2 Ba3 38. Qd1 Qf7 39. Qc1 Qf8 40. Nd1 Be7 41. Ra1 Qf5 42. Qb1 Qc2 43. Kf1 Kf7 44. Kg2 g5 45. h5 Rxa1 46. Qxa1 Qe2 47. Ne3 Qxh5 48. Qd1 Qxd1 49. Nxd1 g4 50. f4 gxf3+ 51. Kxf3 Bg5 52. g4 Bc1 0-1

[Event "HUN-chT2 Charousek 1718"]
[Site "Hungary"]
[Date "2017.10.29"]
[Round "1.7"]
[White "Amrein, Roland"]
[Black "Voros, Gellert"]
[Result "1-0"]
[WhiteElo "2202"]
[BlackElo "2127"]
[PlyCount "87"]
[EventDate "2017.10.29"]
[EventType "team-tourn"]
[EventRounds "9"]
[EventCountry "HUN"]
[SourceTitle "EXT 2020"]
[Source "ChessBase"]
[SourceDate "2019.10.17"]
[SourceVersion "1"]
[SourceVersionDate "2019.10.17"]
[SourceQuality "1"]
[WhiteTeam "Komlo Banyasz"]
[BlackTeam "Gyor Szechenyi"]
[WhiteTeamCountry "HUN"]
[BlackTeamCountry "HUN"]

1. e4 e5 2. Nf3 Nc6 3. Bb5 a6 4. Ba4 Nf6 5. 0-0 Nxe4 6. d4 b5 7. Bb3 d5 8. dxe5 Be6 9. Nbd2 Nc5 10. c3 Be7 11. Bc2 Bg4 12. h3 Bh5 13. Re1 0-0 14. Nb3 Ne6 15. Bf5 Rb8 16. Qd3 Bg6 17. Bd2 a5 18. Nfd4 Ncxd4 19. Nxd4 Bxf5 20. Nxf5 Re8 21. Rad1 Bf8 22. Qg3 Qd7 23. Be3 Kh8 24. Re2 c6 25. h4 Nc5 26. Qf4 Qe6 27. Nd4 Qg6 28. Qh2 h5 29. Bg5 Ne6 30. Qh3 Nxd4 31. cxd4 Qe6 32. Qd3 a4 33. Rc1 Rb6 34. Rec2 Ra8 35. f4 f5 36. exf6 gxf6 37. f5 Qf7 38. Bf4 Rc8 39. Qf3 Qh7 40. Bg3 Bh6 41. Re1 Qf7 42. Re6 Re8 43. Rce2 Rbb8 44. Bxb8 1-0

[Event "SVK-chT1W 1718"]
[Site "Slovakia"]
[Date "2017.10.21"]
[Round "1.6"]
[White "Voros, Gellert"]
[Black "Podoba, Milan"]
[Result "1-0"]
[WhiteElo "2136"]
[BlackElo "2044"]
[PlyCount "29"]
[EventDate "2017.10.21"]
[EventType "team-tourn"]
[EventRounds "11"]
[EventCountry "SVK"]
[SourceTitle "CBM 181 Extra"]
[Source "ChessBase"]
[SourceDate "2017.12.12"]
[SourceVersion "1"]
[SourceVersionDate "2017.12.12"]
[SourceQuality "1"]
[WhiteTeam "Komarno KSC"]
[BlackTeam "Dubnica nad Vahom II"]
[WhiteTeamCountry "SVK"]
[BlackTeamCountry "SVK"]

1. e4 e5 2. Nc3 Nf6 3. Bc4 Nxe4 4. Qh5 Nd6 5. Bb3 Be7 6. Qxe5 0-0 7. Nge2 Bf6 8. Qf4 Nc6 9. 0-0 a5 10. d4 b5 11. Nd5 Ne8 12. c3 Bb7 13. Ng3 a4 14. Bc2 Ne7 15. Qe4 1-0

[Event "SVK-ch Amateurs"]
[Site "Topolcany"]
[Date "2017.07.22"]
[Round "4"]
[White "Miciak, Emanuel"]
[Black "Voros, Gellert"]
[Result "0-1"]
[WhiteElo "1876"]
[BlackElo "2135"]
[PlyCount "82"]
[EventDate "2017.07.20"]
[EventType "swiss"]
[EventRounds "7"]
[EventCountry "SVK"]
[SourceTitle "CBM 179 Extra"]
[Source "ChessBase"]
[SourceDate "2017.08.23"]
[SourceVersion "1"]
[SourceVersionDate "2017.08.23"]
[SourceQuality "1"]

1. d4 g6 2. c4 Bg7 3. e4 d6 4. Nc3 Nc6 5. Be3 e5 6. d5 Nd4 7. Nge2 c5 8. dxc6 Nxc6 9. Nd5 Nge7 10. Nec3 0-0 11. Bd3 Be6 12. 0-0 f5 13. f3 Qd7 14. Qd2 f4 15. Bf2 g5 16. Rfd1 Nd4 17. Nxe7+ Qxe7 18. Nb5 Nxb5 19. cxb5 Rfd8 20. Qb4 g4 21. Bc4 Kh8 22. Bxe6 Qxe6 23. fxg4 Qxg4 24. Qb3 Rg8 25. Qf3 Qg6 26. Rac1 Bf8 27. Rc7 Qe6 28. a3 Rg7 29. Rxg7 Kxg7 30. Qh5 Rc8 31. Bh4 Qg6 32. Qe2 b6 33. Kh1 h5 34. Rg1 Qg4 35. Qf2 Kh7 36. g3 f3 37. Qe3 Bh6 38. Qb3 Rf8 39. Rc1 Qxe4 40. Qc2 Qxc2 41. Rxc2 f2 0-1

[Event "SVK-ch Amateurs"]
[Site "Topolcany"]
[Date "2017.07.22"]
[Round "5"]
[White "Voros, Gellert"]
[Black "Murin, Pavol"]
[Result "1-0"]
[WhiteElo "2135"]
[BlackElo "2008"]
[PlyCount "63"]
[EventDate "2017.07.20"]
[EventType "swiss"]
[EventRounds "7"]
[EventCountry "SVK"]
[SourceTitle "CBM 179 Extra"]
[Source "ChessBase"]
[SourceDate "2017.08.23"]
[SourceVersion "1"]
[SourceVersionDate "2017.08.23"]
[SourceQuality "1"]

1. e4 c5 2. Nf3 d6 3. d4 cxd4 4. Nxd4 Nf6 5. Nc3 a6 6. Bg5 e6 7. f4 Qc7 8. Bxf6 gxf6 9. Qf3 b5 10. a3 Bb7 11. 0-0-0 Nd7 12. f5 e5 13. Nde2 Nb6 14. Kb1 0-0-0 15. Nc1 Kb8 16. N1a2 Rc8 17. Qf2 Be7 18. Nb4 Qc5 19. Qd2 Rhg8 20. g3 Rg5 21. Qc1 Ka7 22. Nbd5 Nxd5 23. Nxd5 Bxd5 24. Rxd5 Qc6 25. Qd2 h5 26. Be2 Rcg8 27. Rc1 Rb8 28. c4 b4 29. axb4 Qa4 30. Qe3+ Kb7 31. b5 a5 32. c5 1-0

[Event "SVK-chT2B 1617"]
[Site "Slovakia"]
[Date "2017.03.12"]
[Round "11.6"]
[White "Kijac, Miroslav"]
[Black "Voros, Gellert"]
[Result "1/2-1/2"]
[WhiteElo "2106"]
[BlackElo "2122"]
[PlyCount "53"]
[EventDate "2016.10.08"]
[EventType "team-tourn"]
[EventRounds "11"]
[EventCountry "SVK"]
[SourceTitle "EXT 2018"]
[Source "ChessBase"]
[SourceDate "2017.10.13"]
[SourceVersion "1"]
[SourceVersionDate "2017.10.13"]
[SourceQuality "1"]
[WhiteTeam "Trencin"]
[BlackTeam "Komarno"]
[WhiteTeamCountry "SVK"]
[BlackTeamCountry "SVK"]

1. Nf3 d5 2. d4 Nf6 3. c4 c6 4. e3 e6 5. Nc3 Nbd7 6. Qc2 Bd6 7. Bd3 0-0 8. 0-0 dxc4 9. Bxc4 e5 10. Rd1 Qe7 11. h3 h6 12. Nh4 Nb6 13. Ng6 Qc7 14. dxe5 Bxe5 15. Nxe5 Qxe5 16. Bd3 Nbd5 17. f4 Qh5 18. e4 Nb4 19. Qf2 Nxd3 20. Rxd3 Qa5 21. e5 Bf5 22. Rd4 Nd5 23. Bd2 Qb6 24. b4 Rad8 25. g4 Bh7 26. Nxd5 Rxd5 27. Rxd5 1/2-1/2

[Event "SVK-chT2B 1617"]
[Site "Slovakia"]
[Date "2016.11.05"]
[Round "3.7"]
[White "Voros, Gellert"]
[Black "Kovac, Lubomir1111"]
[Result "1-0"]
[WhiteElo "2122"]
[BlackElo "1749"]
[PlyCount "47"]
[EventDate "2016.10.08"]
[EventType "team-tourn"]
[EventRounds "11"]
[EventCountry "SVK"]
[SourceTitle "CBM 175 Extra"]
[Source "ChessBase"]
[SourceDate "2016.12.12"]
[SourceVersion "1"]
[SourceVersionDate "2016.12.12"]
[SourceQuality "1"]
[WhiteTeam "Komarno"]
[BlackTeam "Sala Slovan Duslo"]
[WhiteTeamCountry "SVK"]
[BlackTeamCountry "SVK"]

1. e4 e6 2. d4 d5 3. Nd2 dxe4 4. Nxe4 Nd7 5. Nf3 Ngf6 6. Nxf6+ Nxf6 7. Bc4 Be7 8. Bf4 0-0 9. Qe2 c5 10. 0-0-0 cxd4 11. h4 Qa5 12. Kb1 a6 13. Nxd4 b5 14. Nc6 Qb6 15. Nxe7+ Kh8 16. Bd3 Bb7 17. Be5 Ne8 18. Qh5 f5 19. Ng6+ Kg8 20. Nxf8 h6 21. Ng6 Qc5 22. Rhe1 b4 23. Nf4 Qc6 24. g4 1-0